|
|
|
|
| LEADER |
00000nam a2200000 a 4500 |
| 001 |
vtls001480812 |
| 003 |
SK-MaSNL |
| 005 |
20260301051107.0 |
| 008 |
251113s2003 ES 0 spa |
| 020 |
|
|
|a 8470903667
|
| 035 |
|
|
|a SNK000436110
|
| 040 |
|
|
|a SNK
|b slo
|c SNK
|e AACR2
|
| 044 |
|
|
|a ES
|
| 072 |
|
7 |
|a 81
|x Lingvistika. Jazyky
|2 konspekt
|
| 072 |
|
7 |
|a 93/94
|x Dejiny (všeobecne)
|2 konspekt
|
| 080 |
|
|
|a 811.135.1
|2 1981
|
| 080 |
|
|
|a 93/94
|2 1981
|
| 080 |
|
|
|a (031)81
|2 1981
|
| 080 |
|
|
|a (038.072)
|2 1981
|
| 245 |
1 |
|
|a Diccionario de historia de Espana
|c Jaime Alvar Ezquerra (coord.) ... [et al.]
|
| 250 |
|
|
|a [1a ed.]
|
| 260 |
|
|
|a Madrid
|b Istmo
|c c2003
|
| 300 |
|
|
|a 621 s.
|c 18 cm
|
| 490 |
1 |
|
|a Fundamentos
|v n. 200
|
| 650 |
0 |
7 |
|a španielčina
|2 SNKPH
|9 1358
|
| 650 |
0 |
7 |
|a dejiny
|2 SNKPH
|9 3825
|
| 655 |
|
7 |
|a jazykové slovníky
|2 SNKPH
|9 70525
|
| 655 |
|
7 |
|a výkladové slovníky
|2 SNKPH
|9 69007
|
| 700 |
1 |
|
|a Alvar Ezquerra, Jaime
|4 zre
|9 357812
|
| 810 |
2 |
|
|a Istmo (Madrid, Španielsko)
|t Fundamentos
|9 357813
|
| 919 |
|
|
|a 84-7090-366-7
|
| 999 |
|
|
|c 602482
|d 604412
|
| 952 |
|
|
|a SNK
|b SNK
|y VYP
|7 0
|p 17A0442738
|o snkID 97319
|i snkV 1324/2004
|g 21.58
|0 0
|1 0
|4 0
|d 2004-08-30
|l 0
|r 2005-01-02 00:00:00
|w 2026-02-23
|